<?xml version="1.0" encoding="UTF-8"?>
<collection xmlns="http://www.loc.gov/MARC21/slim">
  <record>
    <leader>00000nam  2200000   4500</leader>
    <controlfield tag="001">INLIS000000000003039</controlfield>
    <controlfield tag="005">20190401090018</controlfield>
    <datafield tag="035" ind1="#" ind2="#">
      <subfield code="a">0010-0718003039</subfield>
    </datafield>
    <controlfield tag="008">190401################g##########0#ind##</controlfield>
    <datafield tag="020" ind1="#" ind2="#">
      <subfield code="a">979444104x</subfield>
    </datafield>
    <datafield tag="041" ind1=" " ind2=" ">
      <subfield code="a">id</subfield>
    </datafield>
    <datafield tag="082" ind1="#" ind2="#">
      <subfield code="a">-100</subfield>
    </datafield>
    <datafield tag="090" ind1=" " ind2=" ">
      <subfield code="a">-100 Sto p</subfield>
    </datafield>
    <datafield tag="100" ind1=" " ind2="#">
      <subfield code="a">Stone, I.F.</subfield>
    </datafield>
    <datafield tag="245" ind1="1" ind2="#">
      <subfield code="a">Peradilan socrates skandal terbesar dalam demokrasi Athena. /</subfield>
      <subfield code="c">i.F. Stone</subfield>
    </datafield>
    <datafield tag="250" ind1="#" ind2="#">
      <subfield code="a">Cet.1</subfield>
    </datafield>
    <datafield tag="260" ind1="#" ind2="#">
      <subfield code="a">Jakarta :</subfield>
      <subfield code="b">Pustaka Utama Grafiti,</subfield>
      <subfield code="c">1991</subfield>
    </datafield>
    <datafield tag="650" ind1=" " ind2="#">
      <subfield code="a">Filsafat - Yunani</subfield>
    </datafield>
    <datafield tag="084" ind1="#" ind2="#">
      <subfield code="a">-100 Sto p</subfield>
    </datafield>
    <datafield tag="300" ind1="#" ind2="#">
      <subfield code="a">xiv, 301 hlm. ;</subfield>
      <subfield code="c">21 cm</subfield>
    </datafield>
    <datafield tag="856" ind1="#" ind2="#">
      <subfield code="a">Perpustakaan Lembaga Administrasi Negara</subfield>
    </datafield>
    <datafield tag="520" ind1="#" ind2="#">
      <subfield code="a">Semenjak dunia terkembang, hanya ada dua peristiwa peradilan yang termasyur. Yang terbesar adalah peradilan Yesus dan yang kedua terbesar adalah peradilan Socrates. Mengherankan bahwa Athena, pendekar demokrasi terulung di zamannya, mengguratkan noda paling hitam dengan mengangkangi kebebasan berpendapat dan mengesekusi Socrates. Sebuah keanehan bakal anda temukan dalam buku ini, yaitu bahwa peradilan itu menjelma menjadisemacam kontroversi karena Socrates sendiri dalam pidato pembelaannya justru berusaha sekuat tenaga membangkitkan kemarahan para juri. Mengapa bisa begitu? I.F. Stone (lahit 1908) sendiri-penulis buku ini- harus berjuang selama lebih dari sepuluh tahun untuk mengumpulkan bahan yang tercerai beraimenjadi sebuah karya monumental, dan lebih lagi.... untuk menjawab pertanyaan, mengapa bisa begitu.</subfield>
    </datafield>
    <datafield tag="990" ind1="#" ind2="#">
      <subfield code="a">170218762</subfield>
    </datafield>
    <datafield tag="990" ind1="#" ind2="#">
      <subfield code="a">170218762</subfield>
    </datafield>
    <datafield tag="990" ind1="#" ind2="#">
      <subfield code="a">170218762</subfield>
    </datafield>
  </record>
</collection>
